| 000 | 01621cam a2200361 a 4500 | ||
|---|---|---|---|
| 001 | 14217796 | ||
| 003 | PILC | ||
| 005 | 20150907065859.0 | ||
| 008 | 060103s2006 nyu j bf 000 0 eng | ||
| 010 | _a 2006040045 | ||
| 020 | _a0312357923 | ||
| 020 | _a9780312357924 | ||
| 035 | _a(OCoLC)ocm62878726 | ||
| 040 |
_aDLC _cDLC _dIG# _dBAKER _dVPL _dBTCTA _dDLC |
||
| 043 | _an-us--- | ||
| 050 | 0 | 0 |
_aPS 3616.A55 _b.G831 2006 |
| 082 | 0 | 0 | _a813/.6 |
| 100 | 1 | _aGresh, Lois H. | |
| 245 | 1 | 4 |
_aThe ultimate unauthorized Eragon guide : _bthe hidden facts behind the world of Alagaƫsia / _cLois Gresh. |
| 250 | _a1st edition. | ||
| 260 |
_aNew York : _bSt. Martin's Griffin, _c2006. |
||
| 300 |
_avi, 166 pages ; _c19 cm. |
||
| 500 | _aIncludes bibliographical references. | ||
| 600 | 1 | 0 |
_aPaolini, Christopher. _tInheritance _vHandbooks, manuals, etc. _vJuvenile literature. |
| 650 | 0 |
_aFantasy fiction, American _vHandbooks, manuals, etc. _vJuvenile literature. |
|
| 650 | 0 |
_aDragons in literature _vHandbooks, manuals, etc. _vJuvenile literature. |
|
| 856 | 4 | 2 |
_3Publisher description _uhttp://www.loc.gov/catdir/enhancements/fy0667/2006040045-d.html |
| 856 | 4 | 1 |
_3Sample text _uhttp://www.loc.gov/catdir/enhancements/fy0714/2006040045-s.html |
| 856 | 4 | 2 |
_3Contributor biographical information _uhttp://www.loc.gov/catdir/enhancements/fy1207/2006040045-b.html |
| 906 |
_a7 _bcbc _corignew _d1 _eocip _f20 _gy-gencatlg |
||
| 942 |
_2lcc _cBK |
||
| 999 |
_c288611 _d288611 |
||